000
00314nam a22001457a 4500
003
SGT
020
_a
978-81-218-0012-9
082
_a
615.53
_b
R16T
100
_a
TRIPATHI,INDRADEVA
245
_a
RAJANIGHANTU
260
_a
VARANASI
_b
CHAUKHAMBA PUB
_c
2016
300
_a
703
650
_a
AYURVEDA
942
_2
ddc
_c
BK
999
_c
16603
_d
16603